000 01734nam a2200433 a 4500
001 ebr10676855
003 CaPaEBR
006 m u
007 cr cn|||||||||
008 120531s2012 gaua sb 001 0 eng d
010 _z 2012022075
020 _z9781589835566 (paper binding : acid-free paper)
020 _z9781589835573 (e-book)
040 _aCaPaEBR
_cCaPaEBR
035 _a(OCoLC)840611992
043 _aa-is---
050 1 4 _aPJ5034.8.I8
_bN49 2012eb
082 0 4 _a492
_223
245 0 0 _aNew inscriptions and seals relating to the biblical world
_h[electronic resource] /
_cedited by Meir Lubetski and Edith Lubetski.
260 _aAtlanta :
_bSociety of Biblical Literature,
_cc2012.
300 _axxi, 313 p. :
_bill., port.
490 0 _aSociety of Biblical Literature archaeology and biblical studies ;
_vno. 19
504 _aIncludes bibliographical references and indexes.
533 _aElectronic reproduction.
_bPalo Alto, Calif. :
_cebrary,
_d2013.
_nAvailable via World Wide Web.
_nAccess may be limited to ebrary affiliated libraries.
630 0 0 _aBible
_xAntiquities.
650 0 _aInscriptions, Hebrew
_zIsrael.
650 0 _aInscriptions, Hebrew
_zPalestine.
650 0 _aSeals (Numismatics)
_zIsrael.
650 0 _aSeals (Numismatics)
_zPalestine.
650 0 _aJewish seals (Numismatics)
651 0 _aIsrael
_xAntiquities.
651 0 _aPalestine
_xAntiquities.
655 7 _aElectronic books.
_2local
700 1 _aLubetski, Meir.
700 1 _aLubetski, Edith.
710 2 _aSociety of Biblical Literature.
710 2 _aebrary, Inc.
856 4 0 _uhttp://site.ebrary.com/lib/rucke/Doc?id=10676855
_zAn electronic book accessible through the World Wide Web; click to view
999 _c59224
_d59224